000 00288nam a22001337a 4500
008 170601b xxu||||| |||| 00| 0 eng d
020 _a9780582494671
041 _aeng
080 _a93
100 _a17
101 _aSHH
245 _aTHE MEDIEVAL CHURCH
_cLYNCH, J.H
942 _2udc
_cBK
999 _c15375
_d15375